Aktuálne otázky bezpečnosti práce 2017 XXX. ročník medzinárodnej konferencie BOZP, Štrbské Pleso, Vysoké Tatry, 6.-8.11.2017

Salvato in:
Dettagli Bibliografici
Ente Autore: Medzinárodná konferencia BOZP Štrbské Pleso, Vysoké Tatry (Aktuálne otázky bezpečnosti práce 2017)
Natura: Atti del Convegno Libro
Lingua:slovacco
inglese
Pubblicazione: Košice : Technická univerzita, 2017
Edizione:1. vyd.
Soggetti:
Tags: Aggiungi Tag
Nessun Tag, puoi essere il primo ad aggiungerne!!

MARC

LEADER 00000nam a22000003a 4500
001 0027700
003 SK-STU
005 20171205141449.8
007 ta
008 171110s ----xo-----e------100-0-----d
020 |a 978-80-553-2857-7 
040 |a STU  |b slo 
041 0 |a slo  |a eng 
044 |a xo 
111 2 |a Medzinárodná konferencia BOZP  |n XXX.  |d 6.-8.11.2017 :  |c Štrbské Pleso, Vysoké Tatry.  |e Aktuálne otázky bezpečnosti práce 2017 
245 1 0 |a Aktuálne otázky bezpečnosti práce 2017  |h [elektronický zdroj] :  |b XXX. ročník medzinárodnej konferencie BOZP, Štrbské Pleso, Vysoké Tatry, 6.-8.11.2017 
250 |a 1. vyd. 
260 |a Košice :  |b Technická univerzita,  |c 2017 
300 |a 1 USB 
650 4 |a BOZP 
996 |b 284M084579  |c M* CD-2694  |l MMKN  |s A  |a 24  |w 0027700_0001 
996 |b 284M084590  |c M* CD-2704  |l MMKN  |s A  |a 24  |w 0027700_0002